| 000 | 00707nam a22002057a 4500 | ||
|---|---|---|---|
| 003 | SISC | ||
| 005 | 20180131110131.0 | ||
| 008 | 180130b xxu||||| |||| 00| 0 eng d | ||
| 020 | _a9789715084765 | ||
| 050 |
_aPL 6165.4 .E947 _b.A55 2017 |
||
| 100 | _aEvasco, Eugene Y. | ||
| 245 |
_aAnina ng mga alon / _cEugene Y. Evasco |
||
| 250 | _a3rd edition | ||
| 260 |
_aQuezon City: _bAdarna House, _cc2002. |
||
| 300 |
_a114 pages; _c20 cm. |
||
| 500 | _aGrand Prize, Pilar Perez Medallion for Young Adult Literature National Book Awards 2002 Jointly published with Filipinas Heritage Library | ||
| 650 |
_2Library of Congress Subject Headings _aPhilippine fiction |
||
| 942 |
_2lcc _cBK |
||
| 999 |
_c353656 _d353656 |
||